000 00619nam a2200193Ia 4500
005 20260601193247.0
008 260601s9999||||xx |||||||||||||| ||und||
020 _a978-3-031-57349-1
_qebk
100 _aJavier Hernandez Fernandez
245 0 _aPhysical Layer Security in Power Line Communications
250 _a2024
260 _aHeidelberg, Germany
_bSpringer Nature
_c2024
440 _aAdvances in Information Security
650 _aComputer Science
700 _aAymen Omri
700 _aRoberto Di Pietro
856 _uhttps://link.springer.com/openurl?genre=book&isbn=978-3-031-57349-1
942 _cEB
_2ddc
999 _c56619
_d56619